Základní anglicko-český slovník pro četbu odborné literatury /

Hlavní autor: Caha, Jan, 1910-1981
Jazyk: Čeština
Vydáno: Praha : Státní pedagogické nakladatelství, 1966
Vydání: 1. vyd.
Edice: Učební texty vysokých škol
Témata:
Fyzický popis: 163 s.
Knihy
Uloženo v:
LEADER 00953nam a22002652a 4500
001 000325074
003 CZ BrMZK
005 20090802183530.0
007 ta
008 980107s1966 xr f cze d
015 |a cnb000492212 
035 |a (OCoLC)42117399 
040 |a BOA001  |b cze 
100 1 |a Caha, Jan,  |d 1910-1981  |7 jk01020521  |4 aut 
245 1 0 |a Základní anglicko-český slovník pro četbu odborné literatury /  |c Jan Caha 
250 |a 1. vyd. 
260 |a Praha :  |b Státní pedagogické nakladatelství,  |c 1966 
300 |a 163 s. 
490 1 |a Učební texty vysokých škol 
830 0 |a Učební texty vysokých škol 
910 |a BOA001  |b PK-0044.823  |b 1-0568.181 
964 |a Angličtina - čeština - slovníky 
990 |a BK 
996 6 |b 2619468349  |c 1-0568.181  |l MZK  |r Sklad / do 1 hodiny  |n 0  |w 000325074  |u 000020  |a 1  |e BOA001  |j MZK50  |s P 
996 7 |b 3119928261  |c PK-0044.823  |l MZK  |r Sklad / do 1 hodiny  |n 1  |w 000325074  |u 000010  |a 1  |e BOA001  |j MZK50  |s A